| 000 | 00862cam a22002654a 4500 | ||
|---|---|---|---|
| 001 | 12031188 | ||
| 005 | 20260223163104.0 | ||
| 008 | 000605s2001 mau b 001 0 eng | ||
| 020 |
_a007233777X _qacid-free paper |
||
| 020 | _a0072416270 | ||
| 020 |
_a0071180281 _qInternational ed. |
||
| 020 | _a9780072416275 | ||
| 020 |
_a9780071180283 _q(International ed.) |
||
| 050 | 0 | 0 |
_aHG4026 _b.B6668 2001 |
| 082 | 0 | 0 |
_a658.15 _221 |
| 100 | 1 | _aBrealey, Richard A. | |
| 245 | 1 | 0 |
_aFundamentals of corporate finance / _cRichard A. Brealey, Stewart C. Myers, Alan J. Marcus. |
| 250 | _a3rd ed. | ||
| 260 |
_aBoston : _bMcGraw-Hill/Irwin, _cc2001. |
||
| 300 |
_axxxi, 798 p. : _bill. ; _c27 cm. + _e1 computer laser optical disc (4 3/4 in.). |
||
| 650 | 0 | 0 |
_aCorporations _xFinance. |
| 700 | 1 | _aMyers, Stewart C. | |
| 700 | 1 | _aMarcus, Alan J. | |
| 942 |
_2lcc _cBK _n0 |
||
| 999 |
_c8821 _d8821 |
||